Ateneístas ilustres II / (Record no. 150767)

MARC details
000 -LEADER
campo de control de longitud fija 01321nam a2200349 i 4500
001 - NÚMERO DE CONTROL
campo de control 150767
003 - IDENTIFICADOR DE NÚMERO DE CONTROL
campo de control ES-MaACL
005 - FECHA Y HORA DE LA ÚLTIMA TRANSACCIÓN
campo de control 20260429121731.0
007 - CAMPO FIJO DE DESCRIPCIÓN FÍSICA--INFORMACIÓN GENERAL
campo de control de longitud fija t|
008 - DATOS DE LONGITUD FIJA--INFORMACIÓN GENERAL
campo de control de longitud fija 071108s2007 sp ac |||| |cspa d
020 ## - NÚMERO INTERNACIONAL ESTÁNDAR DEL LIBRO
Número Internacional Estándar del Libro 978-84-930992-4-4
080 ## - NÚMERO DE LA CLASIFICACIÓN DECIMAL UNIVERSAL
Número de la Clasificación Decimal Universal 929(460)"19/20"
080 ## - NÚMERO DE LA CLASIFICACIÓN DECIMAL UNIVERSAL
Número de la Clasificación Decimal Universal 061.21(460.27M)Ateneo(091)
245 00 - MENCIÓN DEL TÍTULO
Título Ateneístas ilustres II /
Mención de responsabilidad, etc. editores, Alejandro R. Díez Torre, Isabelo Herreros, Daniel Pacheco, Alejandro Sanz.
250 ## - MENCION DE EDICION
Mención de edición 1ª ed.
260 ## - PUBLICACIÓN, DISTRIBUCIÓN, ETC.
Lugar de publicación, distribución, etc. Madrid :
Nombre del editor, distribuidor, etc. Ateneo Científico, Literario y Artístico de Madrid,
Fecha de publicación, distribución, etc. 2007.
300 ## - DESCRIPCIÓN FÍSICA
Extensión 765 p. :
Otras características físicas il. ;
Dimensiones 25 cm.
500 ## - NOTA GENERAL
Nota general Conferencias de las segundas jornadas sobre "Ateneístas ilustres", que se celebraron en el Ateneo de Madrid del 2 al 16 de noviembre de 2005.
610 24 - PUNTO DE ACCESO ADICIONAL DE MATERIA--NOMBRE DE ENTIDAD CORPORATIVA
Nombre de entidad corporativa o nombre de jurisdicción como elemento de entrada Ateneo de Madrid-
Subdivisión de forma Historia
9 (RLIN) 1925
610 24 - PUNTO DE ACCESO ADICIONAL DE MATERIA--NOMBRE DE ENTIDAD CORPORATIVA
Nombre de entidad corporativa o nombre de jurisdicción como elemento de entrada Ateneo de Madrid-
Subdivisión de forma Conferencias-
Subdivisión cronológica 2000-
9 (RLIN) 168597
610 24 - PUNTO DE ACCESO ADICIONAL DE MATERIA--NOMBRE DE ENTIDAD CORPORATIVA
Nombre de entidad corporativa o nombre de jurisdicción como elemento de entrada Ateneo de Madrid-
Subdivisión general Personajes
9 (RLIN) 1931
650 #4 - PUNTO DE ACCESO ADICIONAL DE MATERIA--TÉRMINO DE MATERIA
Término de materia o nombre geográfico como elemento de entrada Intelectuales-
Subdivisión geográfica España-
Subdivisión general Biografías.
9 (RLIN) 13852
700 1# - ENTRADA AGREGADA--NOMBRE PERSONAL
Nombre de persona Díez Torre, Alejandro R.
9 (RLIN) 44776
700 1# - ENTRADA AGREGADA--NOMBRE PERSONAL
Nombre de persona Sanz, Alejandro,
Fechas asociadas al nombre 1967-
9 (RLIN) 103558
700 1# - ENTRADA AGREGADA--NOMBRE PERSONAL
Nombre de persona Pacheco Fernández, Daniel
9 (RLIN) 88132
700 1# - ENTRADA AGREGADA--NOMBRE PERSONAL
Nombre de persona Herreros, Isabelo,
Fechas asociadas al nombre 1953-
9 (RLIN) 63354
710 2# - ENTRADA AGREGADA--NOMBRE DE ENTIDAD CORPORATIVA
Nombre de entidad corporativa o nombre de jurisdicción como elemento de entrada Ateneo de Madrid.
9 (RLIN) 1875
852 ## - LOCALIZACIÓN
Ubicación ES-MaACL
Número de control de estantería N-1899
852 ## - LOCALIZACIÓN
Ubicación ES-MaACL
Número de control de estantería N-1898
942 ## - ELEMENTOS DE ENTRADA SECUNDARIOS (KOHA)
Suprimir en OPAC No
Fuente del sistema de clasificación o colocación Clasificación decimal universal
Holdings
Estatus retirado Estado de pérdida Estado de daño No para préstamo Colección Biblioteca de origen Biblioteca actual Ubicación en estantería Fecha de adquisición Fuente de adquisición Total de préstamos Signatura topográfica completa Código de barras Visto por última vez Precio de reemplazo Tipo de ítem Koha
        Fondo Ateneo de Madrid Biblioteca del Ateneo de Madrid Biblioteca del Ateneo de Madrid Hemeroteca 17/01/2008     N-1898 1157317 23/02/2023 23/02/2023 Libro impreso
        Fondo Ateneo de Madrid Biblioteca del Ateneo de Madrid Biblioteca del Ateneo de Madrid Hemeroteca 17/01/2008     N-1899 1157316 23/02/2023 23/02/2023 Libro impreso